[Event "Lleida-ch B"]
[Site "La Guardia"]
[Date "2015.10.25"]
[Round "4.7"]
[White "Pasto Bota, Alex"]
[Black "Aloy Piulats, Ramon"]
[Result "0-1"]
[WhiteElo "1711"]
[BlackElo "1876"]
[PlyCount "74"]
[EventDate "2015.09.27"]
[EventType "swiss"]
[EventRounds "9"]
[EventCountry "ESP"]
[SourceTitle "EXT 2024"]
[Source "ChessBase"]
[SourceDate "2023.10.10"]
[SourceVersion "1"]
[SourceVersionDate "2023.10.10"]
[SourceQuality "1"]

1. e4 c5 2. Nc3 e6 3. g3 Nc6 4. Bg2 Nf6 5. d3 a6 6. f4 d6 7. Nf3 h6 8. 0-0 Be7 9. h3 0-0 10. g4 e5 11. f5 b5 12. Ne2 Nd4 13. c3 Nxf3+ 14. Bxf3 Bb7 15. Qe1 Nh7 16. Kh2 Bh4 17. Ng3 Ng5 18. Bg2 Qc7 19. f6 g6 20. Bxg5 hxg5 21. Qe3 Rae8 22. Rf2 d5 23. exd5 e4 24. dxe4 Bxd5 25. Rg1 Bxa2 26. Bf1 Bd5 27. Bg2 Qe5 28. Bf3 Bc4 29. Rfg2 Rd8 30. Kh1 Rd3 31. Qf2 Rfd8 32. Re1 Qxf6 33. Qxc5 Qxf3 34. Rf1 Rd1 35. Rxd1 Rxd1+ 36. Kh2 Bxg3+ 37. Rxg3 Qh1# 0-1

[Event "Balaguer op 17th"]
[Site "Balaguer"]
[Date "2012.06.20"]
[Round "5"]
[White "Aloy Piulats, Ramon"]
[Black "Llacuna Cufi, Salvador"]
[Result "0-1"]
[WhiteElo "1805"]
[BlackElo "1986"]
[PlyCount "80"]
[EventDate "2012.06.16"]
[EventType "swiss"]
[EventRounds "9"]
[EventCountry "ESP"]
[SourceTitle "EXT 2013"]
[Source "ChessBase"]
[SourceDate "2012.11.22"]
[SourceVersion "1"]
[SourceVersionDate "2012.11.22"]
[SourceQuality "1"]

1. e4 c5 2. Nf3 e6 3. c3 d5 4. exd5 Qxd5 5. d3 Nf6 6. c4 Qd8 7. a3 Nc6 8. Bg5 Be7 9. Nc3 0-0 10. Be2 Bd7 11. 0-0 a6 12. h3 Qc7 13. Qc2 Ne5 14. Bxf6 Bxf6 15. Ne4 Be7 16. Rab1 f5 17. Nxe5 Qxe5 18. f4 Qd4+ 19. Nf2 Qxf4 20. Bf3 Rab8 21. b4 cxb4 22. axb4 Bd6 23. Nh1 Be5 24. Qe2 Bd4+ 25. Nf2 Rf6 26. Rbe1 Rg6 27. Kh1 Bc3 28. Bh5 Bxe1 29. Bxg6 Bxb4 30. Bh5 Bd6 31. Ng4 Qg5 32. Ne5 Qg3 33. d4 Bc6 34. Bf7+ Kh8 35. d5 Bxe5 36. Kg1 Qh2+ 37. Kf2 Re8 38. Bxe6 Rxe6 39. dxe6 Qxg2+ 40. Ke1 Bc3+ 0-1

[Event "Balaguer op 17th"]
[Site "Balaguer"]
[Date "2012.06.17"]
[Round "2"]
[White "Fernandez Alvarez, Javier"]
[Black "Aloy Piulats, Ramon"]
[Result "0-1"]
[WhiteElo "1371"]
[BlackElo "1805"]
[PlyCount "44"]
[EventDate "2012.06.16"]
[EventType "swiss"]
[EventRounds "9"]
[EventCountry "ESP"]
[SourceTitle "EXT 2013"]
[Source "ChessBase"]
[SourceDate "2012.11.22"]
[SourceVersion "1"]
[SourceVersionDate "2012.11.22"]
[SourceQuality "1"]

1. f4 d5 2. d4 Nf6 3. Nf3 e6 4. e3 Be7 5. Be2 Nbd7 6. 0-0 Ne4 7. Bd2 0-0 8. c3 c6 9. a4 Qc7 10. Qe1 f5 11. Qd1 Qb6 12. b4 Ndf6 13. Ne5 Bd7 14. Nf3 Be8 15. Ne5 Rc8 16. g4 h6 17. g5 hxg5 18. fxg5 Nxg5 19. h4 Nge4 20. Be1 Bd6 21. Nd2 Nxc3 22. Qc2 Nxe2+ 0-1

[Event "Lleida Province-chB"]
[Site "Lleida"]
[Date "2011.11.13"]
[Round "7"]
[White "Aloy Piulats, Ramon"]
[Black "Aldoma Pubill, Roger"]
[Result "1-0"]
[WhiteElo "1801"]
[BlackElo "1686"]
[PlyCount "53"]
[EventDate "2011.10.09"]
[EventType "swiss"]
[EventRounds "9"]
[EventCountry "ESP"]
[SourceTitle "EXT 2017"]
[Source "ChessBase"]
[SourceDate "2016.10.25"]
[SourceVersion "1"]
[SourceVersionDate "2016.10.25"]
[SourceQuality "1"]

1. e4 e5 2. Bc4 Nc6 3. a3 Bc5 4. Nf3 Nf6 5. d3 d6 6. Bg5 0-0 7. h3 Be6 8. Nbd2 Kh8 9. Qe2 a6 10. 0-0 h6 11. Be3 Nd7 12. c3 Qe7 13. Rae1 Bxc4 14. Nxc4 b5 15. Ncd2 f5 16. d4 exd4 17. Bxd4 Bxd4 18. cxd4 Rad8 19. Qd3 Qf6 20. Qc3 Ndb8 21. e5 Qg6 22. Nh4 Qh5 23. Ndf3 g5 24. exd6 gxh4 25. d5+ Kh7 26. dxc6 cxd6 27. Re7+ 1-0

[Event "Lleida-ch Seniors"]
[Site "Lleida"]
[Date "2011.11.05"]
[Round "4"]
[White "Aloy Piulats, Ramon"]
[Black "Ros Monfa, Norberto"]
[Result "1-0"]
[WhiteElo "1928"]
[BlackElo "1866"]
[PlyCount "53"]
[EventDate "2011.10.08"]
[EventType "swiss"]
[EventRounds "4"]
[EventCountry "ESP"]
[SourceTitle "EXT 2015"]
[Source "ChessBase"]
[SourceDate "2014.11.20"]
[SourceVersion "1"]
[SourceVersionDate "2014.11.20"]
[SourceQuality "1"]

1. e4 e6 2. d4 c5 3. Nf3 cxd4 4. Nxd4 Nc6 5. c3 Nf6 6. Bg5 Be7 7. Bd3 Nxd4 8. cxd4 Qa5+ 9. Bd2 Qb6 10. Bc3 d6 11. Nd2 Bd7 12. 0-0 Bc6 13. Nc4 Qc7 14. f3 0-0 15. Ne3 Rad8 16. Rc1 Qb8 17. d5 exd5 18. exd5 Nxd5 19. Nxd5 Bxd5 20. Bxh7+ Kxh7 21. Qxd5 Rc8 22. Qe4+ Kg8 23. Qxe7 Rc7 24. Qg5 f6 25. Qd5+ Kh8 26. Rfe1 Re8 27. Qh5+ 1-0

[Event "Lleida-ch Seniors"]
[Site "Lleida"]
[Date "2011.10.15"]
[Round "2"]
[White "Aloy Piulats, Ramon"]
[Black "Llovera Pujol, Rogeli"]
[Result "1-0"]
[WhiteElo "1928"]
[BlackElo "1739"]
[PlyCount "49"]
[EventDate "2011.10.08"]
[EventType "swiss"]
[EventRounds "4"]
[EventCountry "ESP"]
[SourceTitle "EXT 2015"]
[Source "ChessBase"]
[SourceDate "2014.11.20"]
[SourceVersion "1"]
[SourceVersionDate "2014.11.20"]
[SourceQuality "1"]

1. e4 e5 2. Nf3 Nc6 3. Nc3 Nf6 4. d3 d6 5. h3 h6 6. Be2 Be7 7. Be3 a6 8. Qd2 Be6 9. a3 Qd7 10. 0-0 0-0-0 11. d4 exd4 12. Nxd4 Nxd4 13. Bxd4 Rdg8 14. Rad1 g5 15. Bxf6 Bxf6 16. Nd5 Be5 17. Qe3 Kb8 18. b4 Bxd5 19. Rxd5 f5 20. b5 axb5 21. Bxb5 c6 22. Ba4 b5 23. Rb1 Qa7 24. Qb3 Qxa4 25. Qxa4 1-0

[Event "Balaguer op 16th "]
[Site "Balaguer"]
[Date "2011.07.21"]
[Round "5"]
[White "Borras Camarasa, Marc"]
[Black "Aloy Piulats, Ramon"]
[Result "0-1"]
[WhiteElo "1601"]
[BlackElo "1825"]
[PlyCount "45"]
[EventDate "2011.07.17"]
[EventType "swiss"]
[EventRounds "9"]
[EventCountry "ESP"]
[SourceTitle "CBM 143 Extra"]
[Source "ChessBase"]
[SourceDate "2011.08.29"]
[SourceVersion "1"]
[SourceVersionDate "2011.08.29"]
[SourceQuality "1"]

1. e4 c5 2. Nf3 e6 3. d4 cxd4 4. Nxd4 Nc6 5. Bb5 a6 6. Ba4 Nf6 7. Bg5 Qa5+ 8. Nc3 Nxe4 9. Nxc6 bxc6 10. Qg4 Nxc3 11. bxc3 Qxc3+ 12. Ke2 Qe5+ 13. Kf3 Bb7 14. Bf4 c5+ 15. Kg3 Qc3+ 16. f3 h5 17. Qg5 Be7 18. Qe5 Bf6 19. Qd6 Rd8 20. Rad1 Bd5 21. Rxd5 exd5 22. Qxd5 0-0 23. Qxh5 0-1

[Event "Balaguer op 16th "]
[Site "Balaguer"]
[Date "2011.07.20"]
[Round "4"]
[White "Aloy Piulats, Ramon"]
[Black "Orrit Sole, Gerard"]
[Result "0-1"]
[WhiteElo "1825"]
[BlackElo "1711"]
[PlyCount "64"]
[EventDate "2011.07.17"]
[EventType "swiss"]
[EventRounds "9"]
[EventCountry "ESP"]
[SourceTitle "CBM 143 Extra"]
[Source "ChessBase"]
[SourceDate "2011.08.29"]
[SourceVersion "1"]
[SourceVersionDate "2011.08.29"]
[SourceQuality "1"]

1. e4 c5 2. Nf3 e6 3. d4 cxd4 4. Nxd4 a6 5. Be2 Nf6 6. Bg5 Qa5+ 7. Bd2 Qb6 8. Nb3 Nxe4 9. Be3 Qc7 10. Bf3 Nf6 11. 0-0 d5 12. Nc3 Bd6 13. h3 Nbd7 14. Nd4 0-0 15. Be2 Nb6 16. Bg5 Nbd7 17. Bd3 h6 18. Be3 Nc5 19. Be2 e5 20. b4 exd4 21. bxc5 dxe3 22. cxd6 exf2+ 23. Rxf2 Qxc3 24. Rf3 Qc5+ 25. Kh1 Qxd6 26. Bd3 Re8 27. Qd2 Ne4 28. Bxe4 Rxe4 29. Raf1 Be6 30. Qf2 Qc7 31. c3 Rc4 32. Qd2 Rc8 0-1